Wonderless - Pierce the Veil lyrics - Statistics

General Stats
  • This quiz has been taken 59 times
  • The average score is 150 of 201
Answer Stats
Answer % Correct
don't
100%
I
100%
if
97%
the
97%
you
97%
a
94%
beautiful
91%
care
91%
cause
91%
I'm
91%
in
91%
lips
91%
movie
91%
out
91%
there
91%
to
91%
your
91%
and
88%
exist
88%
wonderless
88%
can't
85%
find
85%
it
85%
me
85%
no
82%
that
82%
at
79%
best
79%
Hollywood
79%
make
79%
on
79%
say
79%
way
79%
page
74%
saw
74%
front
71%
like
71%
more
71%
why
71%
see
68%
away
65%
It's
65%
it's
65%
just
65%
knew
65%
maybe
65%
wait
65%
all
62%
fake
62%
oh
62%
before
59%
movies
59%
long
56%
star
56%
two
56%
won't
56%
you're
56%
again
53%
blame
53%
drag
53%
faces
53%
night
53%
sky
53%
then
53%
thought
53%
from
50%
mine
50%
smoke
50%
taken
50%
time
50%
birds
47%
chasing
47%
for
47%
I've
47%
locked
47%
are
44%
hits
44%
holiday
44%
love
44%
what
44%
white
44%
worst
44%
had
41%
call
38%
could
38%
destroying
38%
hope
38%
light
38%
mess
38%
my
38%
payphone
38%
place
38%
alone
35%
become
35%
leave
35%
would
35%
yeah
35%
made
32%
mistakes
32%
stumbling
32%
drunk
29%
No matching quizzes found
Score Distribution
Percent of People with Each Score
Percentile by Number Answered
Your Score History
You have not taken this quiz